The Bourne identity (Record no. 586263)

000 -LEADER
fixed length control field 00496cam a2200169 i 4500
020 ## - INTERNATIONAL STANDARD BOOK NUMBER
International Standard Book Number 0399900705
082 00 - DEWEY DECIMAL CLASSIFICATION NUMBER
Classification number 813.54
100 1# - MAIN ENTRY--PERSONAL NAME
Personal name Ludlum, Robert,
Dates associated with a name 1927-2001.
245 14 - TITLE STATEMENT
Title The Bourne identity
Statement of responsibility, etc. by Robert Ludlum.
260 ## - PUBLICATION, DISTRIBUTION, ETC.
Place of publication, distribution, etc. New York :
Name of publisher, distributor, etc. R. Marek Publishers,
Date of publication, distribution, etc. c1980.
300 ## - PHYSICAL DESCRIPTION
Extent 523 p. ;
Dimensions 24 cm.
650 #0 - SUBJECT ADDED ENTRY--TOPICAL TERM
Topical term or geographic name entry element Terrorists
942 ## - ADDED ENTRY ELEMENTS (KOHA)
Source of classification or shelving scheme
Koha item type Book
650 #0 - SUBJECT ADDED ENTRY--TOPICAL TERM
-- 23887
Holdings
Withdrawn status Lost status Source of classification or shelving scheme Materials specified (bound volume or other part) Damaged status Not for loan Permanent Location Current Location Date acquired Source of acquisition Total Checkouts Total Renewals Full call number Barcode Checked out Date last seen Date last checked out Price effective from Koha item type
      Donated by Ms. Saima Anwer DFID     Central Library (CL) Central Library (CL) 08/28/2021 Donation 2 3 813.54 LUD CL-D-1175 01/03/2026 12/04/2025 12/04/2025 08/28/2021 Book
© 2023 Central Library, National University of Sciences and Technology. All Rights Reserved.